000 00864cam a22002773a 4500
001 31413
003 PGUSA
005 20140828083659.0
008 100226s2010||||xxu|||||s|||||000 | eng d
040 _aPGUSA
_beng
042 _adc
050 4 _aE011
100 1 _aAnderson, Robert E., M.A., F.A.S.
_q(Robert Edward)
245 1 4 _aThe Story of Extinct Civilizations of the West
_h[electronic resource] /
_cRobert E., M.A., F.A.S. Anderson
260 _bProject Gutenberg,
_c2010
506 _aPublic domain in the USA.
516 _aElectronic text
653 _aDiscoveries in geography
653 _aAmerica -- Discovery and exploration
653 _aHistory, Ancient
653 _aCivilization, Ancient
653 _aIndians -- Antiquities
830 0 _aProject Gutenberg
_v31413
856 4 0 _uhttp://www.gutenberg.org/ebooks/31413
942 _cEB
999 _c260668
_d260668